00452nam a2200193Ia 4500003000400000005001700004008004100021020001800062040000700080041000800087082001500095100001600110245002000126260003800146300001600184365001300200650001400213650003100227OSt20230418092802.0210423s2011 xx 000 0 und d a9788178902296 cAL aeng a333.7 RAJM aRAJ (Madhu) aGreen economics aDelhibIVY Publishing Housec2011 aviii,90bHB b400cINR aEconomics aNatural Resources & Energy